[Event "Valdepenas U2200 op 2nd"]
[Site "Valdepenas"]
[Date "2020.07.26"]
[Round "4.5"]
[White "Gonzalez Lema, Carlos"]
[Black "Sanchez Lopez, Jesus"]
[Result "1-0"]
[WhiteElo "2065"]
[BlackElo "1851"]
[PlyCount "159"]
[EventDate "2020.07.25"]
[EventType "swiss (rapid)"]
[EventRounds "7"]
[EventCountry "ESP"]
[SourceTitle "EXT 2024"]
[Source "ChessBase"]
[SourceDate "2023.10.10"]
[SourceVersion "1"]
[SourceVersionDate "2023.10.10"]
[SourceQuality "1"]

1. d4 Nf6 2. c4 g6 3. Nc3 d5 4. Nf3 Bg7 5. Qb3 dxc4 6. Qxc4 Be6 7. Qb5+ Nbd7 8. Qxb7 Rb8 9. Qxa7 Nd5 10. Ng5 Nb4 11. Nxe6 fxe6 12. Qa4 0-0 13. a3 Bxd4 14. f3 Nc5 15. Qd1 Nb3 16. axb4 Nxa1 17. Bd2 Rxb4 18. Qxa1 Bf2+ 19. Kxf2 Qxd2 20. Qd1 Qxb2 21. Qd3 Rb3 22. Nd1 Rxd3 23. Nxb2 Rb3 24. Nd3 Ra8 25. g3 Rb1 26. Bg2 Rxh1 27. Bxh1 Ra2 28. f4 Kf7 29. Ne5+ Kf6 30. Be4 Ra1 31. g4 Rc1 32. g5+ Kg7 33. Bd3 Rh1 34. Kg2 Rc1 35. Bc4 Re1 36. h3 c5 37. Kf2 Rh1 38. Bxe6 h6 39. Ke3 hxg5 40. fxg5 Rg1 41. Nf3 Rc1 42. Kd2 Ra1 43. Bc4 Rh1 44. h4 Ra1 45. Bd3 Ra4 46. Kc3 Rf4 47. Ne5 Rxh4 48. Nxg6 Rg4 49. Nxe7 Rxg5 50. Nf5+ Kf6 51. Nd6 Ke7 52. Ne4 Rg2 53. Nxc5 Rxe2 54. Bxe2 Kf6 55. Kd4 Kf5 56. Ne4 Kf4 57. Nd6 Kg5 58. Ke5 Kg6 59. Bd3+ Kg5 60. Bf5 Kh6 61. Kf4 Kg7 62. Kg5 Kh8 63. Kf6 Kg8 64. Nf7 Kf8 65. Bh7 Ke8 66. Ne5 Kd8 67. Ke6 Kc7 68. Nd7 Kd8 69. Kd6 Kc8 70. Be4 Kd8 71. Bg6 Kc8 72. Nc5 Kd8 73. Nb7+ Kc8 74. Kc6 Kb8 75. Kb6 Ka8 76. Bf5 Kb8 77. Bg4 Ka8 78. Nc5 Kb8 79. Na6+ Ka8 80. Bf3# 1-0

[Event "Andalucia-chB"]
[Site "Roquetas de Mar"]
[Date "2017.05.21"]
[Round "6"]
[White "Sanchez Lopez, Jesus"]
[Black "Gonzalez Lopez, Francisco Jesus"]
[Result "1-0"]
[WhiteElo "1634"]
[BlackElo "1588"]
[PlyCount "153"]
[EventDate "2017.05.19"]
[EventType "swiss"]
[EventRounds "6"]
[EventCountry "ESP"]
[SourceTitle "EXT 2020"]
[Source "ChessBase"]
[SourceDate "2019.10.17"]
[SourceVersion "1"]
[SourceVersionDate "2019.10.17"]
[SourceQuality "1"]

1. e4 g6 2. d4 Bg7 3. Nc3 d6 4. Nf3 Nc6 5. h3 Nf6 6. Bc4 0-0 7. 0-0 a6 8. a4 b6 9. Qe2 e6 10. Bb3 Bb7 11. Rd1 Qe7 12. Bg5 h6 13. Bh4 Qe8 14. Bg3 Qe7 15. Re1 Nh5 16. Rad1 Nxg3 17. fxg3 Rad8 18. Qf1 g5 19. g4 Kh8 20. Bc4 Nb8 21. Qd3 c5 22. d5 e5 23. Ne2 Bc8 24. Ng3 Qa7 25. Kh1 Kg8 26. Nf5 Bxf5 27. gxf5 f6 28. Nd2 Rf7 29. Nf1 Rb7 30. Ng3 b5 31. axb5 a5 32. Ra1 Nd7 33. Qc3 Ra8 34. Ra2 Qb6 35. Nh5 Bf8 36. Qg3 Be7 37. h4 Nf8 38. hxg5 hxg5 39. Qf3 Bd8 40. g4 Rh7 41. Kg2 Raa7 42. Rh1 Rh6 43. Raa1 Rah7 44. Rh2 Nd7 45. Rah1 Kf7 46. Ra1 Qa7 47. Qf2 Nb6 48. Be2 Nd7 49. b4 Bb6 50. bxa5 Bxa5 51. Rhh1 Rh8 52. Ra2 Ra8 53. Rha1 Qb6 54. Qf3 Rhh8 55. Ra4 Ra7 56. c4 Rha8 57. Qh3 Bb4 58. Rxa7 Rxa7 59. Rxa7 Qxa7 60. Ng3 Nf8 61. Qh8 Qe7 62. Nh5 Ba5 63. Qg7+ Ke8 64. Nxf6+ Kd8 65. Qh6 Bc7 66. Nh5 Nh7 67. Ng7 Nf8 68. f6 Qf7 69. Qxg5 Kc8 70. Qh6 Bd8 71. g5 Qg6 72. Qh3+ Nd7 73. Qh4 Bxf6 74. Ne6 Nb6 75. Qg4 Kb7 76. gxf6 Qh7 77. Qg7+ 1-0

[Event "Andalucia-chB"]
[Site "Roquetas de Mar"]
[Date "2017.05.19"]
[Round "1"]
[White "Sicilia Laino, Juan Diego"]
[Black "Sanchez Lopez, Jesus"]
[Result "1-0"]
[WhiteElo "1366"]
[BlackElo "1634"]
[PlyCount "63"]
[EventDate "2017.05.19"]
[EventType "swiss"]
[EventRounds "6"]
[EventCountry "ESP"]
[SourceTitle "EXT 2020"]
[Source "ChessBase"]
[SourceDate "2019.10.17"]
[SourceVersion "1"]
[SourceVersionDate "2019.10.17"]
[SourceQuality "1"]

1. d4 d5 2. Nf3 Nf6 3. e3 e6 4. Bd3 c5 5. c3 Nbd7 6. Nbd2 Bd6 7. Qe2 0-0 8. 0-0 e5 9. e4 exd4 10. cxd4 Re8 11. Re1 dxe4 12. Nxe4 Nxe4 13. Bxe4 Nf6 14. Bg5 Bf5 15. Bxf6 Qxf6 16. Qd3 Bxe4 17. Rxe4 cxd4 18. Rae1 Rxe4 19. Rxe4 Rc8 20. g3 Bc5 21. Kg2 Qb6 22. Qc4 d3 23. b4 Bxb4 24. Qxc8+ Bf8 25. Re8 Qd6 26. Rd8 Qa3 27. Rxf8+ Qxf8 28. Qxf8+ Kxf8 29. Nd2 Ke7 30. Kf3 Kd6 31. Ke3 Kc5 32. Kxd3 1-0

[Event "Andalucia-ch U10"]
[Site "Huelva"]
[Date "2014.04.25"]
[Round "2.4"]
[White "Cuellar Montes, Alejandro"]
[Black "Sanchez Lopez, Jesus"]
[Result "1-0"]
[WhiteElo "1438"]
[BlackElo "1197"]
[PlyCount "61"]
[EventDate "2014.04.25"]
[EventType "swiss"]
[EventRounds "9"]
[EventCountry "ESP"]
[SourceTitle "EXT 2024"]
[Source "ChessBase"]
[SourceDate "2023.10.10"]
[SourceVersion "1"]
[SourceVersionDate "2023.10.10"]
[SourceQuality "1"]

1. d4 d5 2. Nf3 e6 3. e3 Nc6 4. Bd3 Nb4 5. Be2 Bd6 6. 0-0 c5 7. b3 Qa5 8. Bb2 b6 9. dxc5 bxc5 10. Bxg7 Nc6 11. Bxh8 f6 12. Bd3 Ne5 13. Bxh7 Nxf3+ 14. Qxf3 Be5 15. c3 Kf8 16. Qg4 Ke8 17. Qxg8+ Kd7 18. Qf7+ Kd6 19. Bg7 Ba6 20. Bf8+ Kc6 21. Qxe6+ Kb7 22. Qxd5+ Kc8 23. Qxa8+ Bb8 24. Bf5+ Kc7 25. Bh6 Bb7 26. Bf4+ Kb6 27. Qxb8 Ka6 28. Bd3+ c4 29. Bxc4+ Qb5 30. Qd6+ Bc6 31. Qxc6+ 1-0